[Event "Sachsen-Anhalt Landesliga-A 1920"]
[Site "Sachsen Anhalt"]
[Date "2020.01.19"]
[Round "5.3"]
[White "Ulrich, Sven"]
[Black "Hoffmann, Simon"]
[Result "1-0"]
[WhiteElo "1866"]
[BlackElo "1846"]
[PlyCount "97"]
[EventDate "2019.09.29"]
[EventType "team-tourn"]
[EventRounds "9"]
[EventCountry "GER"]
[SourceTitle "EXT 2023"]
[Source "ChessBase"]
[SourceDate "2022.10.05"]
[SourceVersion "1"]
[SourceVersionDate "2022.10.05"]
[SourceQuality "1"]
[WhiteTeam "Magdeburg USC II"]
[BlackTeam "Magdeburg Rochade II"]
[WhiteTeamCountry "GER"]
[BlackTeamCountry "GER"]

1. d4 d5 2. c4 e6 3. Nc3 Nf6 4. Bf4 c6 5. Nf3 Be7 6. e3 0-0 7. Bd3 Nbd7 8. 0-0 Nh5 9. Bg3 Nxg3 10. hxg3 f5 11. Ne5 Bd6 12. f4 Nf6 13. cxd5 exd5 14. Be2 Be6 15. a3 Qe7 16. Bf3 g6 17. Kf2 Kg7 18. Rh1 h5 19. Qe2 Rh8 20. Rh4 Rh6 21. Rah1 Rah8 22. Qd1 Qc7 23. Qe2 Be7 24. R4h2 Qa5 25. Qc2 a6 26. Na4 Ne4+ 27. Bxe4 fxe4 28. Nc5 Bc8 29. Qc1 h4 30. g4 Bd6 31. g5 R6h7 32. Ncd7 Bxe5 33. Nxe5 Qd8 34. b4 h3 35. g4 Rh4 36. Kg3 Be6 37. Rxh3 Rxh3+ 38. Rxh3 Rxh3+ 39. Kxh3 Qh8+ 40. Kg3 Qh7 41. Qc5 Kg8 42. Qd6 Bf7 43. Qd8+ Kg7 44. Qf6+ Kg8 45. Qxf7+ Qxf7 46. Nxf7 Kxf7 47. f5 b6 48. Kf4 gxf5 49. gxf5 1-0

[Event "Sachsen-Anhalt Verbandsliga 18/19"]
[Site "Sachsen Anhalt"]
[Date "2019.03.24"]
[Round "7.4"]
[White "Hoffmann, Simon"]
[Black "Hentzgen, Thomas"]
[Result "0-1"]
[WhiteElo "1805"]
[BlackElo "2012"]
[PlyCount "188"]
[EventDate "2018.10.21"]
[EventType "team-tourn"]
[EventRounds "9"]
[EventCountry "GER"]
[SourceTitle "EXT 2022"]
[Source "ChessBase"]
[SourceDate "2021.10.06"]
[SourceVersion "1"]
[SourceVersionDate "2021.10.06"]
[SourceQuality "1"]
[WhiteTeam "Magdeburg USC"]
[BlackTeam "Halle USV II"]
[WhiteTeamCountry "GER"]
[BlackTeamCountry "GER"]

1. e4 e6 2. d4 d5 3. exd5 exd5 4. Bd3 Nc6 5. c3 Bd6 6. h3 Nge7 7. Qh5 Be6 8. Bg5 Qd7 9. Ne2 0-0-0 10. b4 Rde8 11. 0-0 f6 12. Bf4 Bf5 13. Bxf5 Qxf5 14. Qg4 h5 15. Qxf5+ Nxf5 16. Bxd6 Rxe2 17. Bh2 Rhe8 18. Na3 Nd6 19. Bxd6 cxd6 20. Rfc1 Rd2 21. Rc2 Ree2 22. Rxd2 Rxd2 23. Kf1 Kd7 24. Ke1 Rb2 25. Nb1 Rc2 26. a4 Rc1+ 27. Kd2 Rg1 28. g3 g5 29. Ke2 Ne7 30. Kf3 Ng6 31. Ke2 h4 32. Kf3 Ke6 33. Kg4 Kf7 34. Kf3 f5 35. b5 Kf6 36. a5 Nh8 37. gxh4 gxh4 38. Ke3 Nf7 39. f4 Rg3+ 40. Kf2 Rxh3 41. Nd2 Rh2+ 42. Ke3 Nh6 43. a6 b6 44. c4 Ng4+ 45. Kd3 Rh3+ 46. Ke2 Re3+ 47. Kd1 Rc3 48. cxd5 Ne3+ 49. Ke2 Nxd5 50. Rf1 h3 51. Rh1 Nxf4+ 52. Kd1 Ng2 53. Ke2 Nf4+ 54. Kd1 Nd5 55. Ke2 Nc7 56. Nf3 Nxb5 57. Rb1 Nc7 58. Ra1 h2 59. Kf2 Rc2+ 60. Kg3 b5 61. Nxh2 Rc6 62. Nf3 Rxa6 63. Rh1 Nd5 64. Rh6+ Kg7 65. Rh5 Kg6 66. Rh1 b4 67. Nh4+ Kf6 68. Rf1 f4+ 69. Kf3 b3 70. Ke4 Nc3+ 71. Kd3 Rc6 72. Nf3 b2 73. Nd2 Kf5 74. Nb1 Nxb1 75. Rxb1 Rb6 76. Kc2 Ke4 77. Rf1 b1Q+ 78. Rxb1 Rxb1 79. Kxb1 Kxd4 80. Kc2 Ke3 81. Kd1 Kf2 82. Kd2 f3 83. Kd3 Ke1 84. Kd4 f2 85. Kd5 f1Q 86. Kxd6 Qf5 87. Kc6 a5 88. Kb7 a4 89. Ka8 a3 90. Kb7 a2 91. Kb6 a1Q 92. Kc7 Qe6 93. Kb8 Qg7 94. Ka8 Qc8# 0-1

[Event "Sachsen-Anhalt Verbandsliga 18/19"]
[Site "Sachsen Anhalt"]
[Date "2018.12.16"]
[Round "4.3"]
[White "Hoffmann, Simon"]
[Black "Erler, Rainer"]
[Result "1/2-1/2"]
[WhiteElo "1759"]
[BlackElo "2098"]
[PlyCount "105"]
[EventDate "2018.10.21"]
[EventType "team-tourn"]
[EventRounds "9"]
[EventCountry "GER"]
[SourceTitle "EXT 2022"]
[Source "ChessBase"]
[SourceDate "2021.10.06"]
[SourceVersion "1"]
[SourceVersionDate "2021.10.06"]
[SourceQuality "1"]
[WhiteTeam "Magdeburg USC"]
[BlackTeam "Dessau"]
[WhiteTeamCountry "GER"]
[BlackTeamCountry "GER"]

1. e4 e5 2. Nf3 Nc6 3. Bc4 Nf6 4. d3 Be7 5. h3 0-0 6. 0-0 d5 7. exd5 Nxd5 8. Re1 Bf6 9. Nbd2 g6 10. Ne4 Bg7 11. Bg5 f6 12. Bd2 Kh8 13. Qc1 Nce7 14. Bxd5 Qxd5 15. Bh6 Nf5 16. Bxg7+ Kxg7 17. Nh2 Bd7 18. Ng4 Bc6 19. f3 Rae8 20. Kh2 h5 21. Ngf2 Nd4 22. c3 Ne6 23. b4 Qd8 24. Nd2 Nf4 25. Qc2 Re7 26. g3 Ne6 27. a4 b6 28. b5 Bd5 29. Re3 Rd7 30. Rg1 Rh8 31. c4 Nd4 32. Qc1 Bf7 33. Nde4 Nf5 34. Ree1 Nd4 35. Qd1 Nf5 36. c5 Qg8 37. Qa1 Nd4 38. f4 Nf3+ 39. Kg2 Nxe1+ 40. Rxe1 Bd5 41. fxe5 Bxe4+ 42. Nxe4 Qd5 43. exf6+ Kf7 44. c6 Rdd8 45. Kh2 h4 46. gxh4 Rxh4 47. Qa3 Re8 48. Ng5+ Qxg5 49. Re7+ Kxf6 50. Rxe8 Qd2+ 51. Kg3 Qf4+ 52. Kg2 Qd2+ 53. Kg3 1/2-1/2

[Event "Sachsen-Anhalt Verbandsliga 18/19"]
[Site "Sachsen Anhalt"]
[Date "2018.11.25"]
[Round "3.5"]
[White "Hartung, Katja"]
[Black "Hoffmann, Simon"]
[Result "1-0"]
[WhiteElo "1916"]
[BlackElo "1759"]
[PlyCount "71"]
[EventDate "2018.10.21"]
[EventType "team-tourn"]
[EventRounds "9"]
[EventCountry "GER"]
[SourceTitle "EXT 2022"]
[Source "ChessBase"]
[SourceDate "2021.10.06"]
[SourceVersion "1"]
[SourceVersionDate "2021.10.06"]
[SourceQuality "1"]
[WhiteTeam "Merseburg"]
[BlackTeam "Magdeburg USC"]
[WhiteTeamCountry "GER"]
[BlackTeamCountry "GER"]

1. e4 e5 2. f4 exf4 3. Nf3 Nc6 4. Bc4 d6 5. d4 Bg4 6. c3 Qe7 7. 0-0 0-0-0 8. Bd5 Nb8 9. Qb3 c6 10. Bxf7 Nh6 11. Bc4 Bxf3 12. Rxf3 Qxe4 13. Bxf4 d5 14. Bd3 Qe1+ 15. Rf1 Qh4 16. Nd2 Bd6 17. Bxd6 Rxd6 18. Nf3 Qh5 19. Qa3 Rf6 20. Rae1 Re8 21. Ne5 a6 22. Bxh7 Nd7 23. Rxf6 gxf6 24. Bg6 Qg5 25. Bxe8 fxe5 26. Bxd7+ Kxd7 27. dxe5 Nf5 28. Qf8 Ne3 29. Qf2 Ng4 30. e6+ Kc8 31. Qg3 Qh5 32. e7 Nf6 33. Qg8+ Ne8 34. g4 Qh4 35. Qxe8+ Kc7 36. Qd8# 1-0

[Event "GER-ch U14"]
[Site "Willingen"]
[Date "2018.05.26"]
[Round "9"]
[White "Hoffmann, Simon"]
[Black "Kotyk, Michael"]
[Result "0-1"]
[WhiteElo "1819"]
[BlackElo "2011"]
[PlyCount "141"]
[EventDate "2018.05.19"]
[EventType "swiss"]
[EventRounds "9"]
[EventCountry "GER"]
[SourceTitle "CBM 184 Extra"]
[Source "ChessBase"]
[SourceDate "2018.06.28"]
[SourceVersion "1"]
[SourceVersionDate "2018.06.28"]
[SourceQuality "1"]

1. e4 e5 2. Nf3 Nc6 3. Bb5 a6 4. Ba4 Nf6 5. d4 Nxe4 6. Qe2 Nd6 7. dxe5 Nf5 8. Qe4 Nfe7 9. Bg5 d5 10. exd6 Qxd6 11. 0-0 Bf5 12. Bxe7 Qd7 13. Ne5 Bxe4 14. Nxd7 Bxe7 15. Ne5 b5 16. Re1 Nxe5 17. Rxe4 0-0-0 18. Nc3 Bf6 19. Bb3 c5 20. a4 c4 21. Ba2 b4 22. Nd1 b3 23. cxb3 Rd2 24. Rc1 Rhd8 25. Ne3 Rxb2 26. Nxc4 Nxc4 27. Rexc4+ Kb8 28. Rb4+ Ka7 29. Bb1 Bc3 30. Rc4 Bd2 31. Rf1 Rxb3 32. Bxh7 g6 33. Rc7+ Rb7 34. Rxb7+ Kxb7 35. Rd1 Kb6 36. h4 Ka5 37. Kf1 Kb4 38. Ke2 Kc3 39. g3 Kc2 40. Rh1 Rh8 41. Ra1 Re8+ 42. Kf3 Rh8 43. Ke2 Bc3 44. Bxg6+ fxg6 45. Rh1 a5 46. f4 Kb3 47. Rb1+ Kxa4 48. Rb6 Bb4 49. Rxg6 Kb3 50. Ra6 a4 51. f5 a3 52. Kf3 a2 53. g4 Ba3 54. Rb6+ Kc4 55. h5 a1Q 56. Re6 Qf1+ 57. Kg3 Bc1 58. Re4+ Kd5 59. Ra4 Qg1+ 60. Kh3 Qe3+ 61. Kg2 Qd2+ 62. Kg3 Qc3+ 63. Kh4 Qf6+ 64. Kh3 Bd2 65. Ra2 Rxh5+ 66. gxh5 Qxf5+ 67. Kg2 Qe4+ 68. Kh3 Qf3+ 69. Kh4 Qh1+ 70. Kg4 Qg2+ 71. Kf5 0-1

[Event "GER-ch U14"]
[Site "Willingen"]
[Date "2018.05.25"]
[Round "8"]
[White "Simukov, Erik"]
[Black "Hoffmann, Simon"]
[Result "1-0"]
[WhiteElo "1839"]
[BlackElo "1819"]
[PlyCount "87"]
[EventDate "2018.05.19"]
[EventType "swiss"]
[EventRounds "9"]
[EventCountry "GER"]
[SourceTitle "CBM 184 Extra"]
[Source "ChessBase"]
[SourceDate "2018.06.28"]
[SourceVersion "1"]
[SourceVersionDate "2018.06.28"]
[SourceQuality "1"]

1. e4 e5 2. Nf3 Nc6 3. Bb5 a6 4. Ba4 Nf6 5. d3 Bc5 6. 0-0 d6 7. c3 Ba7 8. h3 0-0 9. Re1 Ne7 10. Nbd2 Ng6 11. Nf1 h6 12. Ng3 Be6 13. d4 c6 14. Bc2 Qc8 15. Qd3 Rd8 16. Be3 c5 17. d5 c4 18. Qe2 Bd7 19. Nd2 b5 20. a4 Bxe3 21. fxe3 Qc5 22. Ra2 Rdb8 23. axb5 Bxb5 24. Kh2 Rb6 25. Ra5 Qc8 26. Nf5 Ra7 27. Rea1 Rc7 28. Qf1 Kh7 29. R1a2 Ne7 30. Nxe7 Rxe7 31. Ba4 Rc7 32. Bxb5 axb5 33. Ra8 Qd7 34. Rf8 Rc8 35. Rxf7 Qxf7 36. Qf5+ Qg6 37. Qxc8 Nxe4 38. Nxe4 Qxe4 39. Ra8 b4 40. Qh8+ Kg6 41. Ra7 Rb8 42. Qxg7+ Kh5 43. g4+ Qxg4 44. Qxg4# 1-0

[Event "GER-ch U14"]
[Site "Willingen"]
[Date "2018.05.24"]
[Round "7"]
[White "Hoffmann, Simon"]
[Black "Astner, Sebastian"]
[Result "1/2-1/2"]
[WhiteElo "1819"]
[BlackElo "1923"]
[PlyCount "130"]
[EventDate "2018.05.19"]
[EventType "swiss"]
[EventRounds "9"]
[EventCountry "GER"]
[SourceTitle "CBM 184 Extra"]
[Source "ChessBase"]
[SourceDate "2018.06.28"]
[SourceVersion "1"]
[SourceVersionDate "2018.06.28"]
[SourceQuality "1"]

1. e4 Nc6 2. Nf3 Nf6 3. e5 Nd5 4. d4 d6 5. c4 Nb6 6. exd6 exd6 7. h3 Be7 8. Bd3 0-0 9. 0-0 Bf6 10. Be3 Nb4 11. Nc3 Nxd3 12. Qxd3 d5 13. b3 Be6 14. c5 Nc8 15. Bf4 a6 16. Ne2 Ne7 17. Ng3 Ng6 18. Nh5 Nxf4 19. Nxf4 Re8 20. Rfe1 Qd7 21. Nh5 Qd8 22. Nxf6+ Qxf6 23. Re5 h6 24. Rae1 c6 25. R5e3 Re7 26. Ne5 Bf5 27. Qc3 Rae8 28. Rf3 Qe6 29. Rfe3 Qc8 30. b4 f6 31. Nf3 Rxe3 32. Rxe3 Kf7 33. a4 Re6 34. Qb3 Qe8 35. Rxe6 Qxe6 36. b5 axb5 37. axb5 Be4 38. bxc6 bxc6 39. Qb7+ Kg6 40. Nh4+ Kh7 41. Qb3 Bf5 42. Kf1 Qe4 43. Nf3 Qf4 44. Qe3 Qb8 45. Nd2 Qb2 46. f3 Qc1+ 47. Kf2 Qb2 48. Qf4 Bd3 49. Qe3 Bf5 50. g4 Bg6 51. h4 Qa1 52. Kg2 Qb2 53. f4 Be4+ 54. Kg3 f5 55. h5 Qc2 56. g5 g6 57. Qb3 Qd3+ 58. Qxd3 Bxd3 59. hxg6+ Kxg6 60. Nf3 Bb5 61. Ne5+ Kg7 62. Kh4 Ba4 63. Kg3 Bb5 64. Kh4 Ba4 65. Nd7 Bb5 1/2-1/2

[Event "GER-ch U14"]
[Site "Willingen"]
[Date "2018.05.23"]
[Round "6"]
[White "Colbow, Collin"]
[Black "Hoffmann, Simon"]
[Result "1-0"]
[WhiteElo "2103"]
[BlackElo "1819"]
[PlyCount "109"]
[EventDate "2018.05.19"]
[EventType "swiss"]
[EventRounds "9"]
[EventCountry "GER"]
[SourceTitle "CBM 184 Extra"]
[Source "ChessBase"]
[SourceDate "2018.06.28"]
[SourceVersion "1"]
[SourceVersionDate "2018.06.28"]
[SourceQuality "1"]

1. e4 e5 2. Nf3 Nc6 3. Bc4 Bc5 4. 0-0 Nf6 5. d3 a6 6. Nbd2 Ba7 7. c3 d6 8. Bb3 0-0 9. h3 Nd7 10. Nc4 Nc5 11. Bc2 Ne6 12. Ne3 Nf4 13. Re1 Qf6 14. Nd5 Qg6 15. Bxf4 exf4 16. Qd2 f5 17. Nxf4 Qh6 18. Nd5 f4 19. d4 Bxh3 20. gxh3 Qxh3 21. Qd3 Ne5 22. Nxe5 f3 23. Qf1 Qh4 24. Nxf3 Rxf3 25. Re3 Raf8 26. Rxf3 Rxf3 27. Qg2 Rf7 28. Kf1 c6 29. Ne3 c5 30. Bb3 cxd4 31. Bxf7+ Kxf7 32. Qxg7+ Kxg7 33. Nf5+ Kf6 34. Nxh4 dxc3 35. bxc3 Kg5 36. Ng2 h5 37. Ke2 h4 38. Rh1 b5 39. Rxh4 a5 40. Rh7 Bc5 41. Rb7 b4 42. cxb4 axb4 43. Ne1 Kf4 44. f3 Ke5 45. Nd3+ Kd4 46. Nxc5 dxc5 47. Rd7+ Kc3 48. e5 c4 49. e6 b3 50. axb3 cxb3 51. e7 b2 52. e8Q b1Q 53. Qc8+ Kb4 54. Rb7+ Ka5 55. Qa8# 1-0

[Event "GER-ch U14"]
[Site "Willingen"]
[Date "2018.05.20"]
[Round "1"]
[White "Hoffmann, Simon"]
[Black "Dahl, Christoph"]
[Result "1/2-1/2"]
[WhiteElo "1819"]
[BlackElo "2054"]
[PlyCount "131"]
[EventDate "2018.05.19"]
[EventType "swiss"]
[EventRounds "9"]
[EventCountry "GER"]
[SourceTitle "CBM 184 Extra"]
[Source "ChessBase"]
[SourceDate "2018.06.28"]
[SourceVersion "1"]
[SourceVersionDate "2018.06.28"]
[SourceQuality "1"]

1. e4 e5 2. Nf3 Nc6 3. Bc4 Nf6 4. d3 Be7 5. 0-0 0-0 6. Bb3 d6 7. h3 Be6 8. c3 Bxb3 9. axb3 Nd7 10. Re1 f5 11. exf5 Rxf5 12. Nbd2 d5 13. Nf1 Rf7 14. b4 a6 15. Qb3 d4 16. b5 axb5 17. Rxa8 Qxa8 18. cxd4 Nxd4 19. Nxd4 Nc5 20. Qxb5 exd4 21. Bg5 c6 22. Qc4 Bxg5 23. Qxc5 Qd8 24. Ng3 Be7 25. Qc4 g6 26. Ne4 Qa5 27. Re2 Qe5 28. Ng3 Qc5 29. Qxc5 Bxc5 30. Re8+ Rf8 31. Rxf8+ Kxf8 32. Ne4 Be7 33. Ng3 Bc5 34. Ne4 Be7 35. Kf1 Kf7 36. Ke2 b5 37. Kf3 c5 38. Nd2 Ke6 39. Ke4 Kd6 40. Nf3 Bf6 41. b3 Ke6 42. h4 h6 43. g4 h5 44. g5 Bg7 45. Ng1 Be5 46. f4 Bd6 47. Ne2 Bf8 48. Ng3 Bd6 49. f5+ Ke7 50. Ne2 gxf5+ 51. Kxf5 c4 52. bxc4 bxc4 53. dxc4 d3 54. Nc3 Bg3 55. g6 Bxh4 56. c5 d2 57. Nd1 Bg3 58. c6 h4 59. Kg4 Kf6 60. c7 Bxc7 61. Kxh4 Kxg6 62. Kg4 Kf6 63. Kf3 Ke5 64. Ke2 Ba5 65. Ne3 Kd4 66. Nf1 1/2-1/2

[Event "GER-ch U12"]
[Site "Willingen"]
[Date "2016.05.20"]
[Round "10"]
[White "Hoffmann, Simon"]
[Black "Englert, Jon"]
[Result "0-1"]
[WhiteElo "1623"]
[BlackElo "1796"]
[PlyCount "66"]
[EventDate "2016.05.15"]
[EventType "swiss"]
[EventRounds "11"]
[EventCountry "GER"]
[SourceTitle "CBM 172 Extra"]
[Source "ChessBase"]
[SourceDate "2016.06.21"]
[SourceVersion "1"]
[SourceVersionDate "2016.06.21"]
[SourceQuality "1"]

1. e4 c5 2. Nc3 Nc6 3. g3 Rb8 4. Bg2 b5 5. d3 e6 6. Bf4 d6 7. Qd2 b4 8. Nd1 g6 9. Ne2 Nd4 10. Nxd4 cxd4 11. e5 d5 12. 0-0 h6 13. Qe2 Bg7 14. Bd2 Qc7 15. Rc1 Ne7 16. f4 Qb6 17. Be1 Qa6 18. Bf2 Nc6 19. Ra1 0-0 20. h4 Rb5 21. a4 Rb8 22. b3 Qb7 23. Kh2 Qe7 24. h5 g5 25. Be1 f5 26. Rh1 Bd7 27. Bf1 Kh7 28. Qg2 Rg8 29. Qh3 gxf4 30. gxf4 Nxe5 31. Be2 Nc6 32. Rf1 Bf6 33. Nb2 e5 0-1

[Event "GER-ch U12"]
[Site "Willingen"]
[Date "2016.05.16"]
[Round "3"]
[White "Weihrauch, Jakob"]
[Black "Hoffmann, Simon"]
[Result "1/2-1/2"]
[WhiteElo "1852"]
[BlackElo "1623"]
[PlyCount "100"]
[EventDate "2016.05.15"]
[EventType "swiss"]
[EventRounds "11"]
[EventCountry "GER"]
[SourceTitle "CBM 172 Extra"]
[Source "ChessBase"]
[SourceDate "2016.06.21"]
[SourceVersion "1"]
[SourceVersionDate "2016.06.21"]
[SourceQuality "1"]

1. d4 d5 2. c4 e6 3. Nf3 Nf6 4. g3 Nbd7 5. Bg2 Be7 6. 0-0 0-0 7. Qc2 c5 8. Nbd2 Qb6 9. cxd5 Nxd5 10. Nc4 Qb4 11. Ne3 N7f6 12. Qc4 Qxc4 13. Nxc4 Bd7 14. dxc5 Bxc5 15. Nfe5 Bb5 16. Bf3 Rac8 17. Na5 b6 18. Nb3 Bd6 19. Nd3 e5 20. Bxd5 Nxd5 21. Rd1 Nb4 22. Nxb4 Bxb4 23. Rd5 Bxe2 24. a3 Bc4 25. Rxe5 Bd6 26. Re3 Rfe8 27. Nd4 Bc5 28. Rxe8+ Rxe8 29. Be3 Kf8 30. Rc1 Bd3 31. b4 Bd6 32. Rc3 Be4 33. Nb5 Bb8 34. a4 Bb7 35. f4 Rc8 36. Rxc8+ Bxc8 37. Nd4 Bd7 38. b5 Ke7 39. Kf2 Kd6 40. Ke2 Kd5 41. Kd3 g6 42. Bd2 Bd6 43. Bc3 Bc5 44. Bb2 h5 45. Nf3 Bf5+ 46. Kd2 Bb4+ 47. Bc3 Bxc3+ 48. Kxc3 f6 49. Nd4 Bd7 50. Kd3 Kc5 1/2-1/2

[Event "GER-ch U12"]
[Site "Willingen"]
[Date "2016.05.15"]
[Round "1"]
[White "Krastev, Alexander"]
[Black "Hoffmann, Simon"]
[Result "1-0"]
[WhiteElo "1913"]
[BlackElo "1623"]
[PlyCount "87"]
[EventDate "2016.05.15"]
[EventType "swiss"]
[EventRounds "11"]
[EventCountry "GER"]
[SourceTitle "CBM 172 Extra"]
[Source "ChessBase"]
[SourceDate "2016.06.21"]
[SourceVersion "1"]
[SourceVersionDate "2016.06.21"]
[SourceQuality "1"]

1. e4 e5 2. Nf3 Nc6 3. Bc4 Bc5 4. c3 Nf6 5. d3 0-0 6. Nbd2 d5 7. exd5 Nxd5 8. Ne4 Bb6 9. 0-0 h6 10. Bxh6 Nxc3 11. bxc3 gxh6 12. Qd2 Kh7 13. Rfe1 Bg4 14. Qe2 f5 15. Ng3 Qd6 16. h3 Bxf3 17. Qxf3 e4 18. dxe4 Ne5 19. Qh5 Nxc4 20. Nxf5 Qg6 21. Qe2 Nd6 22. Nd4 Rg8 23. g4 Rae8 24. f3 Nf7 25. Rad1 Qf6 26. Kg2 Bxd4 27. cxd4 Ng5 28. e5 Qf4 29. h4 Ne6 30. d5 Nc5 31. Qc2+ Kh8 32. Qxc5 Rxe5 33. Qc3 Rge8 34. Re4 Qf6 35. Rde1 Kg8 36. Rxe5 Rxe5 37. Rxe5 Qxh4 38. Qxc7 Qf6 39. Re8+ Qf8 40. Rxf8+ Kxf8 41. d6 h5 42. Qe7+ Kg8 43. d7 hxg4 44. d8Q# 1-0

[Event "GER-chT U10"]
[Site "Magdeburg"]
[Date "2014.12.29"]
[Round "7.1"]
[White "Hoffmann, Simon"]
[Black "Hoegner, Tom"]
[Result "1-0"]
[WhiteElo "1344"]
[BlackElo "1072"]
[PlyCount "81"]
[EventDate "2014.12.27"]
[EventType "team-swiss"]
[EventRounds "7"]
[EventCountry "GER"]
[SourceTitle "EXT 2016"]
[Source "ChessBase"]
[SourceDate "2015.10.08"]
[SourceVersion "1"]
[SourceVersionDate "2015.10.08"]
[SourceQuality "1"]
[WhiteTeam "Magdeburg USC"]
[BlackTeam "Erlangen"]
[WhiteTeamCountry "GER"]
[BlackTeamCountry "GER"]

1. e4 e5 2. Nf3 Nc6 3. Bc4 Nf6 4. d3 Bc5 5. Nc3 0-0 6. Bg5 h6 7. Bh4 d6 8. Nd5 g5 9. Bg3 Bg4 10. c3 Bxf3 11. Qxf3 Kg7 12. h4 g4 13. Qf5 Bd4 14. Nxf6 Qxf6 15. Qxg4+ Qg6 16. Qxg6+ fxg6 17. cxd4 Nxd4 18. Kd2 b5 19. Bb3 Nxb3+ 20. axb3 Rad8 21. Rxa7 Kf6 22. Rc1 c5 23. Rca1 g5 24. h5 b4 25. R1a6 Ke6 26. Rb6 Rf7 27. Rxf7 Kxf7 28. f3 Kf6 29. Bf2 Ke7 30. Rb7+ Ke6 31. Rh7 Ra8 32. Rxh6+ Kf7 33. Rxd6 Rh8 34. g4 Ke7 35. Bxc5 Rc8 36. Rc6+ Kd7 37. Rxc8 Kxc8 38. h6 Kc7 39. h7 Kc6 40. Bxb4 Kb5 41. Bc3 1-0

[Event "GER-chT U10"]
[Site "Magdeburg"]
[Date "2014.12.28"]
[Round "3.1"]
[White "Hoffmann, Simon"]
[Black "Nguyen, Alex Dac Vuong"]
[Result "0-1"]
[WhiteElo "1344"]
[BlackElo "1758"]
[PlyCount "70"]
[EventDate "2014.12.27"]
[EventType "team-swiss"]
[EventRounds "7"]
[EventCountry "GER"]
[SourceTitle "EXT 2016"]
[Source "ChessBase"]
[SourceDate "2015.10.08"]
[SourceVersion "1"]
[SourceVersionDate "2015.10.08"]
[SourceQuality "1"]
[WhiteTeam "Magdeburg USC"]
[BlackTeam "Leipzig Gruen Weiss"]
[WhiteTeamCountry "GER"]
[BlackTeamCountry "GER"]

1. e4 e6 2. d4 d5 3. exd5 exd5 4. Nf3 Bd6 5. Bd3 Ne7 6. 0-0 0-0 7. Be3 Bf5 8. c3 Qd7 9. Re1 Nbc6 10. Qc2 Bxd3 11. Qxd3 Ng6 12. Nbd2 Rfe8 13. Nb3 b6 14. Qb5 a6 15. Qxd5 Bxh2+ 16. Kxh2 Qxd5 17. Rh1 Nce7 18. Nbd2 Nf5 19. Rhe1 Nxe3 20. fxe3 Qh5+ 21. Kg1 Nh4 22. Kf2 Qg4 23. g3 Nxf3 24. Nxf3 Re7 25. Rh1 Rae8 26. Rh4 Qf5 27. Re1 Re4 28. Rhh1 g6 29. Rh6 f6 30. Re2 Rxe3 31. Rxe3 Qc2+ 32. Kg1 Rxe3 33. Rh2 Qd1+ 34. Kg2 Qxf3+ 35. Kg1 Re1# 0-1

[Event "GER-chT U10"]
[Site "Magdeburg"]
[Date "2014.12.28"]
[Round "5.1"]
[White "Hoffmann, Simon"]
[Black "Zeuner, Ole"]
[Result "0-1"]
[WhiteElo "1344"]
[BlackElo "1441"]
[PlyCount "97"]
[EventDate "2014.12.27"]
[EventType "team-swiss"]
[EventRounds "7"]
[EventCountry "GER"]
[SourceTitle "EXT 2016"]
[Source "ChessBase"]
[SourceDate "2015.10.08"]
[SourceVersion "1"]
[SourceVersionDate "2015.10.08"]
[SourceQuality "1"]
[WhiteTeam "Magdeburg USC"]
[BlackTeam "Magdeburg Schachzwerge"]
[WhiteTeamCountry "GER"]
[BlackTeamCountry "GE2"]

1. e4 c5 2. Nc3 Nc6 3. g3 g6 4. Bg2 Bg7 5. d3 Nf6 6. Be3 d6 7. Qd2 Ng4 8. Nf3 Nxe3 9. fxe3 0-0 10. 0-0 Bd7 11. Rab1 Qc8 12. Rf2 Bh3 13. Bh1 Rb8 14. Nd5 b5 15. c3 a5 16. d4 Rd8 17. Ng5 Be6 18. Nf4 Bxa2 19. Ra1 Bb3 20. Ne2 f6 21. Nf3 Ra8 22. Nc1 a4 23. Nxb3 axb3 24. Rxa8 Qxa8 25. Qd1 c4 26. Rf1 Qa2 27. Qe2 b4 28. Qxc4+ Kh8 29. Qxc6 Qxb2 30. cxb4 Qa2 31. Qc1 Bh6 32. Re1 Ra8 33. b5 b2 34. Qc2 Qa1 35. Kf2 Ra2 36. Rb1 Ra3 37. Rxb2 Bxe3+ 38. Kg2 g5 39. b6 g4 40. Qc8+ Kg7 41. Qxg4+ Kf7 42. Rc2 Qb1 43. Rc8 Ra2+ 44. Kh3 Qf1+ 45. Kh4 Bg5+ 46. Nxg5+ fxg5+ 47. Qxg5 Rxh2+ 48. Kg4 Qh3+ 49. Kf4 0-1

[Event "GER-chT U12"]
[Site "Verden"]
[Date "2014.12.28"]
[Round "3.4"]
[White "Schoch, Justus"]
[Black "Hoffmann, Simon"]
[Result "1-0"]
[WhiteElo "778"]
[BlackElo "1019"]
[PlyCount "49"]
[EventDate "2014.12.27"]
[EventType "team-swiss"]
[EventRounds "7"]
[EventCountry "GER"]
[SourceTitle "EXT 2016"]
[Source "ChessBase"]
[SourceDate "2015.10.08"]
[SourceVersion "1"]
[SourceVersionDate "2015.10.08"]
[SourceQuality "1"]
[WhiteTeam "Heitersheim"]
[BlackTeam "Aurich"]
[WhiteTeamCountry "GER"]
[BlackTeamCountry "GER"]

1. e4 e5 2. Nf3 Nc6 3. Bc4 Bc5 4. 0-0 Nf6 5. d3 d6 6. h3 0-0 7. Bg5 h6 8. Bh4 Bd7 9. Nc3 Qe8 10. Bxf6 gxf6 11. Nd5 Qd8 12. Qd2 Nd4 13. Nxd4 Bxd4 14. Qxh6 Bxb2 15. Nxf6+ Qxf6 16. Qxf6 Bxa1 17. Rxa1 b5 18. Bd5 c6 19. Qxd6 cxd5 20. Qxd7 Rfd8 21. Qxb5 Rab8 22. Qa5 dxe4 23. dxe4 Rbc8 24. Qxe5 Rc7 25. Qg5+ 1-0

[Event "GER-chT U12"]
[Site "Verden"]
[Date "2014.12.27"]
[Round "1.4"]
[White "Hoffmann, Simon"]
[Black "Peters, Malte"]
[Result "0-1"]
[WhiteElo "1019"]
[BlackElo "866"]
[PlyCount "98"]
[EventDate "2014.12.27"]
[EventType "team-swiss"]
[EventRounds "7"]
[EventCountry "GER"]
[SourceTitle "EXT 2016"]
[Source "ChessBase"]
[SourceDate "2015.10.08"]
[SourceVersion "1"]
[SourceVersionDate "2015.10.08"]
[SourceQuality "1"]
[WhiteTeam "Aurich"]
[BlackTeam "Harksheide"]
[WhiteTeamCountry "GER"]
[BlackTeamCountry "GER"]

1. e4 e5 2. Nf3 Nf6 3. Nxe5 d6 4. Nf3 Nxe4 5. d3 Nf6 6. Bg5 Be7 7. Be2 Nc6 8. Nc3 Be6 9. 0-0 Qd7 10. d4 d5 11. Ne5 Nxe5 12. dxe5 Ne4 13. Nxe4 dxe4 14. Qxd7+ Bxd7 15. Bxe7 Kxe7 16. Rad1 Rad8 17. Rd4 Bc6 18. Rfd1 Rxd4 19. Rxd4 Rd8 20. c3 Rxd4 21. cxd4 Ke6 22. f4 Kd5 23. Bh5 f5 24. exf6 gxf6 25. Kf2 Kxd4 26. f5 Bd7 27. g4 h6 28. h4 Ke5 29. Kg3 c5 30. Kf2 Kf4 31. Ke2 b5 32. Kd2 a5 33. Kc3 Ke3 34. g5 fxg5 35. hxg5 hxg5 36. f6 Be6 37. Bd1 a4 38. Bg4 Kf4 39. Bd1 g4 40. Kd2 g3 41. Ke1 Ke3 42. Kf1 Kd2 43. Be2 e3 44. Bf3 g2+ 45. Kxg2 e2 46. Bxe2 Kxe2 47. Kg3 Ke3 48. Kh4 Kd3 49. Kg5 Ke2 0-1

[Event "GER-chT U10"]
[Site "Magdeburg"]
[Date "2014.12.27"]
[Round "2.1"]
[White "Kittelmann, Anton"]
[Black "Hoffmann, Simon"]
[Result "0-1"]
[WhiteElo "1017"]
[BlackElo "1344"]
[PlyCount "78"]
[EventDate "2014.12.27"]
[EventType "team-swiss"]
[EventRounds "7"]
[EventCountry "GER"]
[SourceTitle "EXT 2016"]
[Source "ChessBase"]
[SourceDate "2015.10.08"]
[SourceVersion "1"]
[SourceVersionDate "2015.10.08"]
[SourceQuality "1"]
[WhiteTeam "Stadtilm Blau Weiss"]
[BlackTeam "Magdeburg USC"]
[WhiteTeamCountry "GER"]
[BlackTeamCountry "GER"]

1. e4 e5 2. Bc4 Nf6 3. Nc3 Nc6 4. Nf3 Bc5 5. d3 h6 6. Be3 Bb6 7. Qd2 d6 8. 0-0-0 Bg4 9. h3 Bxf3 10. gxf3 Nd4 11. Bxd4 Bxd4 12. Rdg1 Rg8 13. Nb5 Bb6 14. Re1 a6 15. Nc3 Qd7 16. Na4 Qxa4 17. f4 Qd7 18. fxe5 dxe5 19. f4 exf4 20. Qxf4 0-0-0 21. e5 Nd5 22. Qe4 Rge8 23. Re2 f5 24. Qf3 Bd4 25. Rhe1 Nb6 26. e6 Qc6 27. Qxc6 bxc6 28. Bxa6+ Kb8 29. e7 Rd7 30. Re6 Ka7 31. Bc4 Nxc4 32. dxc4 Rd6 33. Rxd6 cxd6 34. Rd1 Be5 35. b4 Rxe7 36. Kd2 Kb6 37. Ke3 Ra7 38. Rd2 g5 39. c3 Bf4+ 0-1